[Event "British Universities-ch"]
[Site "Oxford"]
[Date "2010.02.27"]
[Round "2.2"]
[White "Ghoussain, Steven"]
[Black "Jackson, James P"]
[Result "0-1"]
[WhiteElo "1982"]
[BlackElo "2155"]
[PlyCount "92"]
[EventDate "2010.02.27"]
[EventType "team-swiss"]
[EventRounds "5"]
[EventCountry "ENG"]
[SourceTitle "EXT 2023"]
[Source "ChessBase"]
[SourceDate "2022.10.05"]
[SourceVersion "1"]
[SourceVersionDate "2022.10.05"]
[SourceQuality "1"]
[WhiteTeam "Imperial"]
[BlackTeam "Bath"]
[WhiteTeamCountry "ENG"]
[BlackTeamCountry "ENG"]

1. d4 Nf6 2. Nf3 e6 3. Nbd2 c5 4. c3 Nc6 5. e3 b6 6. Be2 Bb7 7. 0-0 Be7 8. Re1 0-0 9. Rb1 Rc8 10. b3 d5 11. Bb2 Qc7 12. Nf1 Ne4 13. Rc1 Qb8 14. N3d2 f5 15. Nxe4 fxe4 16. Bg4 Qd6 17. Bh3 Rcd8 18. Qg4 Bc8 19. Qg3 Qd7 20. Bg4 Bd6 21. Qh3 Qf7 22. Re2 e5 23. Rd2 exd4 24. cxd4 Bxg4 25. Qxg4 Nb4 26. Ba1 Nd3 27. Rcc2 Be7 28. dxc5 bxc5 29. Ng3 Rd6 30. Nf5 Rg6 31. Nxe7+ Qxe7 32. Qd1 Qg5 33. g3 h5 34. Rxc5 Nxc5 35. Rxd5 Rf5 36. Rd8+ Kh7 37. b4 Nd3 38. Re8 Rxf2 39. Qb3 Rgf6 40. Qg8+ Kg6 41. Bxf6 Rxf6 42. Rxe4 Qf5 43. Qe8+ Kh7 44. Rf4 Nxf4 45. exf4 Re6 46. Qd8 Re2 0-1